| 000 | 01090nam a22002777a 4500 | ||
|---|---|---|---|
| 008 | 110530s2005 ua|||||r|||| 000 f eng d | ||
| 020 | _a9774249631 | ||
| 020 | _a9789774249631 | ||
| 082 |
_222 _a892.737 _bKHE |
||
| 100 |
_924484 _aKhudayri, Batul |
||
| 240 |
_aالغائب _lEng |
||
| 245 |
_aAbsent / _cBetool Khedairi; Translated by Muhayman Jamil |
||
| 260 |
_aCairo : _bThe American University in Cairo Press, 2005. _c2005 |
||
| 300 |
_avii, 214 p. ; _c24 cm. |
||
| 490 |
_924461 _aModern Arabic Literature |
||
| 500 | _aOriginally published in Arabic: 2004, Ghayib | ||
| 546 | _aTranslated from the Arabic | ||
| 650 |
_924481 _aYoung women _vFiction _zIraq _zBaghdad |
||
| 650 |
_924482 _aPersian Gulf War, 1991 _vFiction |
||
| 651 |
_924483 _aBaghdad (Iraq) _vFiction |
||
| 655 |
_924454 _aArabic fiction |
||
| 653 |
_bENG _cMay2011 |
||
| 700 |
_924480 _aJamil, Muhayman _etrl |
||
| 942 |
_2ddc _cBB |
||
| 999 |
_c15483 _d15483 |
||